000 00882nam a2200265Ia 4500
003 OSt
005 20220928125057.0
006 a|||||r|||| 00| 0
007 ta
008 220927b |||||||| |||| 00| 0 eng d
020 _a9781138626911
_cUKP 61.99
024 _a146382
037 _b8999, 21/12/2021, Efficient Book Distributors
_cTextual
040 _aSDCL
_cSDCL
_beng
041 _2eng
_aeng
082 _aD6,8(B),22:8, Q8
100 _aBecue-Bertaut Monica
_9467918
245 0 _aTextual data science with R
260 _aBoca Raton
_b CRC Press
_c2018
300 _axvii,194p.
_ccm.
490 _aChapman & Hall/CRC computer science & data analysis series
650 _aBusiness Economics and Finance
942 _hD6,8(B),22:8, Q8
_cTEXL
_2CC
999 _c780815
_d780815